书目信息 |
| 题名: |
东江、黄河、辽河流域地表水文过程模拟及水利工程水文效应研究
|
|
| 作者: | 张强 , 张正浩 , 孙鹏 著 | |
| 分册: | ||
| 出版信息: | 北京 科学出版社 2019.6 |
|
| 页数: | 163页 | |
| 开本: | 24cm | |
| 丛书名: | 流域水循环与水资源演变丛书 | |
| 单 册: | ||
| 中图分类: | P334 | |
| 科图分类: | ||
| 主题词: | 流域--水文模型--研究--中国 | |
| 电子资源: | ||
| ISBN: | 978-7-03-061659-3 | |
| 000 | 01167nam0 2200277 45 | |
| 001 | 012001000804 | |
| 005 | 20140912082000.0 | |
| 010 | @a978-7-03-061659-3@b精装@dCNY129.00 | |
| 100 | @a20190731d2019 em y0chiy50 ea | |
| 101 | 0 | @achi |
| 102 | @aCN@b110000 | |
| 105 | @ay z 000yy | |
| 106 | @ar | |
| 200 | 1 | @a东江、黄河、辽河流域地表水文过程模拟及水利工程水文效应研究@Adong jiang 、 huang he 、 liao he liu yu di biao shui wen guo cheng mo ni ji shui li gong cheng shui wen xiao ying yan jiu@b专著@f张强,张正浩,孙鹏著 |
| 210 | @a北京@c科学出版社@d2019.6 | |
| 215 | @a163页@d24cm | |
| 225 | 1 | @a流域水循环与水资源演变丛书 |
| 330 | @a本书研究不同流域径流过程的模拟和预测,构建合适的模型,研究径流模拟与预测精度和不确定性,同时,针对受人类活动如修建大坝、水库等干扰下的不同流域地表水文过程,探讨人类活动影响前后流域丰枯遭遇、洪水频率、重现期及水生态的情况。 | |
| 461 | 0 | @12001 @a流域水循环与水资源演变丛书 |
| 606 | 0 | @a流域@x水文模型@x研究@y中国 |
| 690 | @aP334@v5 | |
| 701 | 0 | @a张强@Azhang qiang@4著 |
| 701 | 0 | @a张正浩@Azhang zheng hao@4著 |
| 701 | 0 | @a孙鹏@Asun peng@4著 |
| 801 | 0 | @aCN@bBJSDL@c20211011 |
| 905 | @b1332192-5@dP334@e177@f4 | |
| 东江、黄河、辽河流域地表水文过程模拟及水利工程水文效应研究/张强,张正浩,孙鹏著.-北京:科学出版社,2019.6 |
| 163页;24cm.-(流域水循环与水资源演变丛书) |
| ISBN 978-7-03-061659-3(精装):CNY129.00 |
| 本书研究不同流域径流过程的模拟和预测,构建合适的模型,研究径流模拟与预测精度和不确定性,同时,针对受人类活动如修建大坝、水库等干扰下的不同流域地表水文过程,探讨人类活动影响前后流域丰枯遭遇、洪水频率、重现期及水生态的情况。 |
| ● |
| 相关链接 |
|
|
|
|
正题名:东江、黄河、辽河流域地表水文过程模拟及水利工程水文效应研究
索取号:P334/177
 
预约/预借
| 序号 | 登录号 | 条形码 | 馆藏地/架位号 | 状态 | 备注 |
| 1 | 1332192 | 213321920 | 第二样本阅览室/ [索取号:P334/177] | 在馆 | |
| 2 | 1332193 | 213321939 | 第三借阅区/ [索取号:P334/177] | 在馆 | |
| 3 | 1332194 | 213321948 | 第三借阅区/ [索取号:P334/177] | 在馆 | |
| 4 | 1332195 | 213321957 | 第三借阅区/ [索取号:P334/177] | 在馆 |